Elementos con símbolos en Latín de la tabla periódica - Estadísticas

Estadísticas generales
  • Esta prueba ha sido intentada 12 veces
  • La puntuación promedio es 6 de 19
Estadísticas de respuestas
Hint Respuesta % Correcto
Ag Argentum
100%
Au Aurum
80%
Fe Ferrum
80%
Rh Rhodium
50%
Sc Scandium
50%
Na Natrium
40%
P Phosphorus
30%
Pb Plumbum
30%
Bh Bohrium
20%
Cu Cuprium
20%
Cm Curium
20%
Sn Stannum
20%
Sr Strontium
20%
Hg Hydrargyrum
10%
K Kalium
10%
Sb Stibium
10%
S Sulfuris
10%
Th Thorium
10%
Tm Thulium
10%
No se encontraron pruebas coincidentes
Distribución de puntuación
Porcentaje de gente con cada puntuación
Porcentaje por número respondido
Historial de tus puntuaciones
No has intentado esta prueba.